Building library 3.0 : Issues in creating a culture of participation /

Written for information professionals and librarians trying to implement and manage Web 2.0 in their physical and online collections, Building Library 3.0 pays careful attention to the implementation of social web applications, mobile computing, and RFID and QR Code technology. The book details both...

Full description

Bibliographic Details
Main Author: Evans, Woody (Author)
Corporate Author: ScienceDirect (Online service)
Format: eBook
Language:English
Published: Oxford [England] : Chandos Publishing, 2009.
Series:Chandos information professional series.
Subjects:
Online Access:Connect to the full text of this electronic book

MARC

Tag First Indicator Second Indicator Subfields
LEADER 00000cam a2200000 a 4500
001 in00005751421
005 20260326193731.7
006 m o d
007 cr bnunnn|||||
008 120320e200907uuenk ob 001 0 eng
010 |z  2010362959 
040 |a AU@  |b eng  |e pn  |c AU@  |d OCLCO  |d IDEBK  |d N$T  |d E7B  |d OPELS  |d YDXCP  |d EBLCP  |d MHW  |d DEBSZ  |d OCLCQ  |d OCLCA  |d OCLCQ  |d MERUC  |d OCLCF  |d OCLCQ  |d WYU  |d OCLCQ  |d CUS  |d S2H  |d OCLCO  |d OCLCQ  |d OCLCO  |d OCLCL  |d OCLCQ  |d INARC  |d OCLCO  |d SXB  |d OCLCQ  |d OCLCO  |d OCLCA  |d OCLCL  |d OCLCA  |d OCLCQ 
015 |a GBA908446  |2 bnb 
016 7 |a 014889474  |2 Uk 
019 |a 871225192  |a 1066452469  |a 1310599672 
020 |a 9781780631868  |q (electronic bk.) 
020 |a 1780631863  |q (electronic bk.) 
020 |z 9781843344971 
020 |z 1843344971 
020 |z 9781843344988  |q (hbk.) 
020 |z 184334498X  |q (hbk.) 
035 |a (OCoLC)824470128  |z (OCoLC)871225192  |z (OCoLC)1066452469  |z (OCoLC)1310599672 
050 4 |a Z678 
072 7 |a LAN  |x 025000  |2 bisacsh 
082 0 4 |a 025.00285  |2 23 
049 |a TXAM 
100 1 |a Evans, Woody,  |e author.  |1 https://id.oclc.org/worldcat/entity/E39PBJfCvgD9WVxRfjfjYcPxXd 
245 1 0 |a Building library 3.0 :  |b Issues in creating a culture of participation /  |c Woody Evans. 
260 |a Oxford [England] :  |b Chandos Publishing,  |c 2009. 
300 |a 1 online resource (1 ebook (210 pages)) 
336 |a text  |b txt  |2 rdacontent 
337 |a computer  |b c  |2 rdamedia 
338 |a online resource  |b cr  |2 rdacarrier 
490 1 |a Chandos information professional series 
504 |a Includes bibliographical references and index. 
505 0 |a Part one. Basics -- 1. Library 2.0: the fundamentals -- 2. New library users -- Part two. The people's web -- 3. Folksonomic exchanges: authority of the people -- 4. Social networking: making it work -- 5. Mobile life and QR Code -- 6. Second Life and other massively multi-user environments -- 7. Arphids: promise and dangers -- Part three. Quality and mettle -- 8. Fundamentally good service -- Conclusion: no more walls -- Appendices -- 1. The interviews -- 2. Tips, tricks, and hacks: some ideas -- References -- Index. 
520 |a Written for information professionals and librarians trying to implement and manage Web 2.0 in their physical and online collections, Building Library 3.0 pays careful attention to the implementation of social web applications, mobile computing, and RFID and QR Code technology. The book details both how to make these technologies work for libraries and also explores why libraries must gain ground in the important new territories of Web 2.0. The changing relationships between information seekers, the information being sought, and the professional information gatekeepers is of great importance in this change, and this book explains both the use of the technology to reach information seeking communities, and the profound ways in which such relationships will change the nature of librarianship. 
650 0 |a Libraries  |x Effect of technological innovations on. 
650 0 |a Library administration. 
650 0 |a Communication in library science  |x Technological innovations. 
650 0 |a Libraries  |x Service learning. 
650 0 |a Digital libraries. 
650 0 |a Internet in library reference services. 
650 2 |a Library Administration 
650 2 |a Libraries, Digital 
650 6 |a Bibliothèques  |x Effets des innovations sur. 
650 6 |a Bibliothèques  |x Administration. 
650 6 |a Communication en bibliothéconomie  |x Innovations. 
650 6 |a Bibliothèques virtuelles. 
650 6 |a Internet dans les services de référence (Bibliothèques) 
650 7 |a LANGUAGE ARTS & DISCIPLINES  |x Library & Information Science  |x General.  |2 bisacsh 
650 7 |a Communication in library science  |x Technological innovations  |2 fast 
650 7 |a Digital libraries  |2 fast 
650 7 |a Internet in library reference services  |2 fast 
650 7 |a Library administration  |2 fast 
650 7 |a Semantic Web  |2 gnd 
650 7 |a Elektronische Bibliothek  |2 gnd 
650 7 |a Bibliothek  |2 gnd 
650 0 7 |a Bibliothek.  |2 swd 
655 7 |a Electronic books.  |2 local 
710 2 |a ScienceDirect (Online service) 
758 |i has work:  |a Building library 3.0 (Text)  |1 https://id.oclc.org/worldcat/entity/E39PCFCxkfmp8RwRXgQVMggCXq  |4 https://id.oclc.org/worldcat/ontology/hasWork 
776 0 8 |i Print version:  |a Evans, Woody.  |t Building Library 3.0 : Issues in Creating a Culture of Participation.  |d Burlington : Elsevier Science, ©2009  |z 9781843344988 
830 0 |a Chandos information professional series. 
856 4 0 |u http://proxy.library.tamu.edu/login?url=https://www.sciencedirect.com/science/book/9781843344971  |z Connect to the full text of this electronic book  |t 0 
936 |a BATCHLOAD 
955 |a Elsevier ScienceDirect 2026-2027 
994 |a 92  |b TXA 
999 f f |i 02db1526-5372-41ed-b50e-e63f36bd37b6  |s 4ffc04f2-6023-460b-bb35-fe8c92dd091b  |t 0 
952 f f |a Texas A&M University  |b College Station  |c Electronic Resources  |s www_evans  |d Available Online  |t 0  |e Z678   |h Library of Congress classification 
998 f f |a Z678   |t 0  |l Available Online